header

Basic control volume finite element methods for fluids and solids (Record no. 105084)

MARC details
000 -LEADER
fixed length control field 01317nam a2200325Ia 4500
100 1# - MAIN ENTRY--AUTHOR NAME
Personal name Voller, V. R.
245 10 - TITLE STATEMENT
Title Basic control volume finite element methods for fluids and solids
260 ## - PUBLICATION, DISTRIBUTION, ETC. (IMPRINT)
Place of publication Singapore ;
-- Hackensack, NJ :
Name of publisher World Scientific,
Year of publication c2009.
300 ## - PHYSICAL DESCRIPTION
Number of Pages xiv, 170 p. :
Other physical details ill.
490 1# - SERIES STATEMENT
Series statement IISc research monograph series ;
650 #0 - SUBJECT ADDED ENTRY--TOPICAL TERM
Topical Term Finite element method.
Topical Term Finite volume method.
856 40 - ELECTRONIC LOCATION AND ACCESS
Uniform Resource Identifier http://site.ebrary.com/lib/rucke/Doc?id=10361914

No items available.

© 2026 Rongo University
Contact us: librarian | system librarian | Rongo university